| 000 | 00483nam a2200157Ia 4500 | ||
|---|---|---|---|
| 008 | 210716s2012 xx 000 0 und d | ||
| 020 | _a9780071333436 | ||
| 041 | _aeng | ||
| 082 | _a658.7 SINA | ||
| 100 | _aSinha, Amit; Kotzab, Herbert. | ||
| 245 |
_aSupply chain management: a managerial approach. _bManagerial approach. |
||
| 250 | _a1 | ||
| 260 |
_aNew Delhi _bTata McGraw Hill Education Private Limited _c2012 |
||
| 300 | _axxvii,413 | ||
| 650 | _aMaterials Management(658.7) | ||
| 999 |
_c208227 _d208227 |
||